000
00456nam a2200181Ia 4500
008
090124s9999 xx 000 0 und d
082
_b
123285
100
_a
राऊत शोभा
245
_a
अतुटबंध
250
_a
1
260
_c
1989
300
_a
230
600
_a
राऊत शोभा
630
_a
अतुटबंध
700
_a
राऊत शोभा
730
_a
अतुटबंध
942
_c
BOOK
999
_c
169371
_d
169371